000 00692nam a2200241 i 4500
001 8727
003 ES-MaACL
005 20250628062014.0
007 t|
008 920826s1991 sp ||||1| spa d
020 _a84-86919-33-9
080 _a86-14"19"
080 _a86(Sanchís,N.7 S.01)
100 1 _aSanchís, Nicasio.
_9103005
245 1 0 _aSecreto a veces /
_cNicasio Sanchís.
260 _aAlbacete :
_bDiputación,
_cD.L. 1991.
300 _a44 p. ;
_c19 cm.
490 1 _aJoven poesía
710 1 _aAlbacete (Provincia).
_bDiputación Provincial
_91313
830 0 _aJoven poesía
_9178257
852 _aES-MaACL
_j2145-F-14
_bR.120236
999 _c8727
_d8727